00511nam a2200181Ia 4500008004100000020001900041082000800060100002500068245003500093250000600128260003500134300001000169500002400179650001200203942000700215952009000222999001700312230524s9999 xx 000 0 und d a97811316635643 bKAN aT.R. Kansakar942577 2aA course in English Phonetics  a1 aNoidabOrient Black Swanc2015 a161p; aQuantity Number: 1 aEnglish cBK 00104070aTATCLbTATCLcGENd2023-05-24l0o KANp54008r2023-05-24w2023-05-24yBK c57536d57536